000
00261 a2200121 4500
001
153898
040
_c
Escola São Tomás de Aquino
240
1
0
_a
Baby Dinos
_l
por
245
1
0
_a
Baby Dinos
440
1
_a
Sabida
697
_a
*LITERATURA INFANTIL
942
_c
BK
999
_c
153898
_d
153898